00262nam a2200109Ia 4500008004100000100001400041245003900055260002000094260000900114546001200123999001700135170619s9999 xx 000 0 und d aSharan- V 0aInternational financial management bNew Delhi P H I c2004 aENGLISH c22158d22158